Crecimiento, reproducción y tolerancia al sombreado de Wedelia glauca : en el área de riego del río Dulce, Santiago del Estero /
Guardado en:
| Otros Autores: | , , |
|---|---|
| Formato: | Manuscrito |
| Idioma: | Spanish |
| Publicado: |
2010.
|
| Materias: | |
| Etiquetas: |
Agregar Etiqueta
Sin Etiquetas, Sea el primero en etiquetar este registro!
|
| LEADER | 01121ntm a22002415a 4500 | ||
|---|---|---|---|
| 001 | EEA.libagro009342 | ||
| 005 | 20160706101510.0 | ||
| 008 | 100427s2010####ag#######bm###000#0#spa#d | ||
| 100 | 1 | |a Sobrero, María Teresa. |4 dis | |
| 245 | 1 | 0 | |a Crecimiento, reproducción y tolerancia al sombreado de Wedelia glauca : |b en el área de riego del río Dulce, Santiago del Estero / |c María Teresa Sobrero. |
| 260 | |c 2010. | ||
| 300 | |a 152 h. : |b il. (principalmente col.) ; |c 30 cm. | ||
| 500 | |a "Tesis de Doctor en Agronomía". | ||
| 500 | |a Director de tesis: Osvaldo Alberto Fernández ; Mario Ricardo Sabbatini. | ||
| 502 | |a Tesis (doctoral)--Universidad Nacional del Sur. Departamento de Agronomía, 2010. | ||
| 504 | |a Incluye referencias bibliográficas. | ||
| 530 | |a Disponible también en formato digital. | ||
| 650 | 7 | |a Pastizales. |2 unbist | |
| 650 | 7 | |a Agronomía. |2 unbist | |
| 700 | 1 | |a Fernández, Osvaldo A. |q (Osvaldo Alberto) |4 ths | |
| 700 | 1 | |a Sabbatini, Mario Ricardo. |4 ths | |
| 710 | 2 | |a Universidad Nacional del Sur. |b Departamento de Agronomía. |4 dgg. | |
| 859 | |a AR-BbBCA |b BIB. AGRONOMIA |h 040 |i B148 2010-992 |p 121434/010 | ||
